Proceedings of the 30th UK Academy for Information Systems (UKAIS) International Conference

Enregistré dans:
Détails bibliographiques
Collectivité auteur: UK Academy for Information Systems. International Conference
Format: Livre
Langue:anglais
Publié: Newcastle UK Academy for Information Systems 2025
Édition:1st Edition
Sujets:
Tags: Ajouter un tag
Pas de tags, Soyez le premier à ajouter un tag!

MARC

LEADER 00000nlm a2200000 4500
001 0314143
005 20260119101019.8
020 |a 978-1-7390875-2-4 
041 0 |a eng 
044 |a GB 
245 1 0 |a Proceedings of the 30th UK Academy for Information Systems (UKAIS)  |b International Conference 
250 |a 1st Edition 
264 1 |a Newcastle  |b UK Academy for Information Systems  |c 2025 
300 |a [1540 s.] 
610 2 0 |a systémy informačné 
610 2 0 |a vzdelávanie 
610 2 0 |a výskum 
610 2 0 |a transfer inovácií 
610 2 0 |a báza dát 
110 2 |a UK Academy for Information Systems. International Conference